| 000 | 00000nam##2200000za#4500 |
| 001 | 9.606323 |
| 003 | CaOODSP |
| 005 | 20251103144802 |
| 007 | cr ||||||||||| |
| 008 | 150406|2010||||xxc|||||o f|0| 0 fre|d |
| 040 | |aCaOODSP|bfre |
| 043 | |an-cn--- |
| 086 | 1 |aPS73-1/2010-09-02F-PDF |
| 110 | 2 |aService canadien du renseignement de sécurité. |
| 245 | 10|aEntre ambition et réalité, que réserve l'avenir à la Russie? : |h[ressource électronique]|bpoints saillants de la conférence des 6 et 7 mai 2010, Ottawa / |cRapporteur : Brandon Deuville. |
| 260 | |aOttawa - Ontario : |bService canadien du renseignement de sécurité |cSeptembre 2010. |
| 300 | |a67p. |
| 490 | 1 |aSérie Regards sur le monde|vSérie publication nº 2010-09-02 |
| 500 | |a«Conférence du Service canadien du renseignement de sécurité organisée en collaboration avec Affaires étrangères et Commerce international Canada et le Bureau du Conseil privé» |
| 590 | |a13-27-Supp|b2013-11-15 |
| 775 | 08|tMatching ambitions and realities - what future for Russia? : |w(CaOODSP)9.578086 |
| 830 | #0|aSérie Regards sur le monde ;|vSérie publication nº 2010-09-02|w(CaOODSP)9.504072 |
| 856 | 40|ahttp://publications.gc.ca|qPDF|s3.13 Mo|uhttps://publications.gc.ca/collections/collection_2013/scrs-csis/PS73-1-2010-09-02-fra.pdf|ySérie publication nº 2010-09-02 |